[Event "EYTCC U18 Open 2019"]
[Site "Pardubice"]
[Date "2019.07.16"]
[Round "6.6"]
[White "Teclaf, Pawel"]
[Black "Bugar, Peter"]
[Result "1-0"]
[WhiteElo "2454"]
[BlackElo "2002"]
[Annotator "ChessBase"]
[PlyCount "51"]
[EventDate "2019.07.11"]
[EventType "swiss"]
[EventCountry "CZE"]
[SourceTitle "playchess.com"]
[Source "ChessBase"]
[SourceQuality "1"]
[WhiteTeam "Poland"]
[BlackTeam "Slovakia"]
[WhiteTeamCountry "POL"]
[BlackTeamCountry "SVK"]
[TimeControl "40/5400+30:1800+30"]

1. e4 {[%emt 0:00:00]} e6 {[%emt 0:00:00]} 2. d4 {[%emt 0:00:00]} d5 {[%emt 0:00:00]} 3. e5 {[%emt 0:00:00]} c5 {[%emt 0:00:13]} 4. c3 {[%emt 0:00:00]} Nc6 {[%emt 0:00:10]} 5. Nf3 {[%emt 0:00:00]} Bd7 {[%emt 0:00:19]} 6. Be2 {[%emt 0:03:43]} Nge7 {[%emt 0:00:49]} 7. O-O {[%emt 0:09:33]} Ng6 {[%emt 0:01:26]} 8. g3 {[%emt 0:01:50]} Be7 {[%emt 0:00:19]} 9. h4 {[%emt 0:02:02]} O-O {[%emt 0:00:08]} 10. h5 {[%emt 0:03:23]} Nh8 {[%emt 0:00:10]} 11. h6 {[%emt 0:03:01]} g6 {[%emt 0:00:11]} 12. dxc5 {[%emt 0:01:46]} Bxc5 {[%emt 0:05:26]} 13. Bg5 {[%emt 0:01:39]} Be7 {[%emt 0:01:09]} 14. Bxe7 {[%emt 0:05:02]} Qxe7 {[%emt 0:01:13]} 15. c4 {[%emt 0:00:37]} d4 {[%emt 0:09:43]} 16. Nbd2 {[%emt 0:09:31]} f6 {[%emt 0:10:57]} 17. exf6 {[%emt 0:00:19]} Qxf6 {[%emt 0:01:01]} 18. Ne4 {[%emt 0:02:44]} Qf5 {[%emt 0:01:14]} 19. Nfg5 {[%emt 0:01:33]} e5 {[%emt 0:06:10]} 20. c5 {[%emt 0:01:52]} Na5 {[%emt 0:10:08]} 21. b4 {[%emt 0:05:48]} Bc6 {[%emt 0:00:30]} 22. Bg4 {[%emt 0:00:22]} Ba4 {[%emt 0:08:54]} 23. Bxf5 {[%emt 0:01:14]} Bxd1 {[%emt 0:00:37]} 24. Be6+ {[%emt 0:00:01]} Rf7 {[%emt 0:02:47]} 25. Raxd1 {[%emt 0:00:05]} Nc6 {[%emt 0:02:58]} 26. Nxf7 {[%emt 0:00:02]} 1-0

[Event "EYTCC U18 Open 2019"]
[Site "Pardubice"]
[Date "2019.07.16"]
[Round "6.7"]
[White "Viczencz, Peter"]
[Black "Kosakowski, Jakub"]
[Result "0-1"]
[WhiteElo "2014"]
[BlackElo "2394"]
[Annotator "NA"]
[PlyCount "102"]
[EventDate "2019.07.11"]
[EventType "swiss"]
[EventCountry "CZE"]
[SourceTitle "playchess.com"]
[Source "ChessBase"]
[SourceQuality "1"]
[WhiteTeam "Slovakia"]
[BlackTeam "Poland"]
[WhiteTeamCountry "SVK"]
[BlackTeamCountry "POL"]
[TimeControl "40/5400+30:1800+30"]

1. e4 {[%emt 0:00:00]} c5 {[%emt 0:00:00]} 2. Nc3 {[%emt 0:00:00]} Nc6 {[%emt 0:00:09]} 3. f4 {[%emt 0:00:00]} g6 {[%emt 0:01:09]} 4. Nf3 {[%emt 0:00:29]} Bg7 {[%emt 0:00:12]} 5. g3 {[%emt 0:00:17]} d6 {[%emt 0:00:22]} 6. Bg2 {[%emt 0:00:17]} e6 {[%emt 0:00:12]} 7. O-O {[%emt 0:00:11]} Nge7 {[%emt 0:00:06]} 8. d3 {[%emt 0:00:39]} O-O {[%emt 0:00:08]} 9. Be3 {[%emt 0:03:00]} Nd4 {[%emt 0:00:17]} 10. Bxd4 {[%emt 0:00:15]} cxd4 {[%emt 0:00:06]} 11. Ne2 {[%emt 0:00:09]} Bd7 {[%emt 0:03:49]} 12. Kh1 {[%emt 0:02:17]} Qb6 {[%emt 0:03:00]} 13. Qd2 {[%emt 0:05:42]} Rac8 {[%emt 0:00:19]} 14. c3 {[%emt 0:03:13]} dxc3 {[%emt 0:00:23]} 15. bxc3 {[%emt 0:00:27]} Qa5 {[%emt 0:03:46]} 16. Rac1 {[%emt 0:03:25]} Rc7 {[%emt 0:01:13]} 17. c4 {[%emt 0:00:41]} Qa6 {[%emt 0:02:23]} 18. Qb4 {[%emt 0:05:32]} Rfc8 {[%emt 0:01:56]} 19. Ned4 {[%emt 0:02:41]} Nc6 {[%emt 0:09:07]} 20. Nxc6 {[%emt 0:00:41]} Rxc6 {[%emt 0:00:15]} 21. e5 {[%emt 0:05:58]} d5 {[%emt 0:11:51]} 22. Nd4 {[%emt 0:01:55]} R6c7 {[%emt 0:10:45]} 23. Rb1 {[%emt 0:02:48]} Bf8 {[%emt 0:00:47]} 24. Qb2 {[%emt 0:04:45]} Ba3 {[%emt 0:01:06]} 25. Qd2 {[%emt 0:00:17]} dxc4 {[%emt 0:00:30]} 26. dxc4 {[%emt 0:00:14]} Qxc4 {[%emt 0:00:21]} 27. Rb3 {[%emt 0:10:11]} Bc5 {[%emt 0:01:51]} 28. Ne2 {[%emt 0:00:53]} Bc6 {[%emt 0:02:32]} 29. Rc1 {[%emt 0:01:24]} Bxg2+ {[%emt 0:02:02]} 30. Kxg2 {[%emt 0:00:06]} Qe4+ {[%emt 0:00:17]} 31. Kh3 {[%emt 0:00:18]} Bf8 {[%emt 0:05:55]} 32. Rxc7 {[%emt 0:00:23]} Rxc7 {[%emt 0:00:02]} 33. Nc3 {[%emt 0:00:59]} Qc6 {[%emt 0:01:25]} 34. Qe3 {[%emt 0:00:54]} Bc5 {[%emt 0:03:33]} 35. Qe2 {[%emt 0:00:37]} a6 {[%emt 0:02:08]} 36. Ne4 {[%emt 0:00:19]} Be7 {[%emt 0:00:06]} 37. Rc3 {[%emt 0:00:19]} Qb6 {[%emt 0:00:06]} 38. Rxc7 {[%emt 0:00:08]} Qxc7 {[%emt 0:00:03]} 39. Qd3 {[%emt 0:01:08]} Kg7 {[%emt 0:00:29]} 40. Nd6 {[%emt 0:02:29]} Qc6 {[%emt 0:00:10]} 41. Ne4 {[%emt 0:30:19]} h5 {[%emt 0:31:31]} 42. Nd2 {[%emt 0:01:27]} a5 {[%emt 0:01:26]} 43. Nb3 {[%emt 0:01:04]} b6 {[%emt 0:03:00]} 44. Qe2 {[%emt 0:00:54]} Qd5 {[%emt 0:00:50]} 45. Qa6 {[%emt 0:02:22]} Qd1 {[%emt 0:02:01]} 46. Qc4 {[%emt 0:00:50]} a4 {[%emt 0:03:00]} 47. Nd4 {[%emt 0:00:29]} g5 {[%emt 0:00:31]} 48. Kg2 {[%emt 0:02:59]} Bc5 {[%emt 0:00:25]} 49. Nxe6+ {[%emt 0:02:26]} fxe6 {[%emt 0:00:07]} 50. Qxe6 {[%emt 0:00:04]} Qe2+ {[%emt 0:00:07]} 51. Kh3 {[%emt 0:00:09]} Qf1# {[%emt 0:00:04]} 0-1

[Event "EYTCC U18 Open 2019"]
[Site "Pardubice"]
[Date "2019.07.16"]
[Round "6.8"]
[White "Chylewski, Patryk"]
[Black "Matis, Tibor"]
[Result "1-0"]
[WhiteElo "2376"]
[BlackElo "1862"]
[Annotator "NA"]
[PlyCount "95"]
[EventDate "2019.07.11"]
[EventType "swiss"]
[EventCountry "CZE"]
[SourceTitle "playchess.com"]
[Source "ChessBase"]
[SourceQuality "1"]
[WhiteTeam "Poland"]
[BlackTeam "Slovakia"]
[WhiteTeamCountry "POL"]
[BlackTeamCountry "SVK"]
[TimeControl "40/5400+30:1800+30"]

1. d4 {[%emt 0:00:00]} Nf6 {[%emt 0:00:13]} 2. c4 {[%emt 0:00:00]} c5 {[%emt 0:00:13]} 3. d5 {[%emt 0:00:00]} e6 {[%emt 0:00:05]} 4. Nc3 {[%emt 0:00:00]} exd5 {[%emt 0:00:06]} 5. cxd5 {[%emt 0:00:00]} d6 {[%emt 0:00:07]} 6. Nf3 {[%emt 0:00:10]} g6 {[%emt 0:00:26]} 7. g3 {[%emt 0:00:11]} Bg7 {[%emt 0:00:07]} 8. Bg2 {[%emt 0:00:05]} O-O {[%emt 0:00:07]} 9. O-O {[%emt 0:00:06]} Bg4 {[%emt 0:00:30]} 10. Bf4 {[%emt 0:05:59]} a6 {[%emt 0:02:39]} 11. a4 {[%emt 0:00:13]} Bxf3 {[%emt 0:01:47]} 12. Bxf3 {[%emt 0:00:09]} Re8 {[%emt 0:00:34]} 13. Re1 {[%emt 0:07:10]} Qc7 {[%emt 0:02:18]} 14. e4 {[%emt 0:02:00]} Nfd7 {[%emt 0:01:29]} 15. Bg2 {[%emt 0:04:01]} Ne5 {[%emt 0:01:54]} 16. Bf1 {[%emt 0:04:33]} Nbd7 {[%emt 0:04:31]} 17. Bc1 {[%emt 0:05:34]} h5 {[%emt 0:10:05]} 18. h3 {[%emt 0:05:07]} c4 {[%emt 0:02:39]} 19. f4 {[%emt 0:04:58]} Nd3 {[%emt 0:00:07]} 20. Bxd3 {[%emt 0:00:08]} cxd3 {[%emt 0:00:04]} 21. Qxd3 {[%emt 0:00:15]} f5 {[%emt 0:06:29]} 22. Bd2 {[%emt 0:11:14]} Nc5 {[%emt 0:02:21]} 23. Qc4 {[%emt 0:17:08]} fxe4 {[%emt 0:03:46]} 24. Nxe4 {[%emt 0:07:30]} Rac8 {[%emt 0:09:12]} 25. Rac1 {[%emt 0:08:38]} Qd7 {[%emt 0:08:15]} 26. Nxc5 {[%emt 0:07:59]} Rxe1+ {[%emt 0:05:07]} 27. Rxe1 {[%emt 0:00:08]} Qxh3 {[%emt 0:04:03]} 28. Qd3 {[%emt 0:02:37]} dxc5 {[%emt 0:14:48]} 29. Qxg6 {[%emt 0:00:23]} Qg4 {[%emt 0:00:19]} 30. Qxg4 {[%emt 0:03:45]} hxg4 {[%emt 0:00:05]} 31. Bc3 {[%emt 0:00:19]} Bxc3 {[%emt 0:01:15]} 32. bxc3 {[%emt 0:00:04]} b5 {[%emt 0:00:05]} 33. axb5 {[%emt 0:03:02]} axb5 {[%emt 0:00:12]} 34. Rb1 {[%emt 0:01:47]} Rb8 {[%emt 0:03:00]} 35. Kf2 {[%emt 0:00:11]} Kf7 {[%emt 0:00:42]} 36. Ke3 {[%emt 0:00:07]} Kf6 {[%emt 0:00:23]} 37. Ke4 {[%emt 0:01:47]} Re8+ {[%emt 0:00:23]} 38. Kd3 {[%emt 0:00:04]} Rb8 {[%emt 0:00:05]} 39. Re1 {[%emt 0:00:54]} Rd8 {[%emt 0:04:46]} 40. Re6+ {[%emt 0:00:41]} Kf5 {[%emt 0:00:27]} 41. Re5+ {[%emt 0:01:57]} Kf6 {[%emt 0:00:28]} 42. Ke4 {[%emt 0:00:20]} b4 {[%emt 0:00:59]} 43. cxb4 {[%emt 0:00:11]} cxb4 {[%emt 0:00:09]} 44. Re6+ {[%emt 0:00:11]} Kf7 {[%emt 0:00:09]} 45. Rb6 {[%emt 0:00:17]} Re8+ {[%emt 0:01:05]} 46. Kf5 {[%emt 0:00:15]} Re3 {[%emt 0:00:34]} 47. Rb7+ {[%emt 0:00:06]} Ke8 {[%emt 0:00:15]} 48. Kxg4 {[%emt 0:00:19]} 1-0

[Event "EYTCC U18 Open 2019"]
[Site "Pardubice"]
[Date "2019.07.16"]
[Round "6.9"]
[White "Willow, Jonah B"]
[Black "Parkhov, Yair"]
[Result "1/2-1/2"]
[WhiteElo "2343"]
[BlackElo "2354"]
[Annotator "NA"]
[PlyCount "61"]
[EventDate "2019.07.11"]
[EventType "swiss"]
[EventCountry "CZE"]
[SourceTitle "playchess.com"]
[Source "ChessBase"]
[SourceQuality "1"]
[WhiteTeam "England"]
[BlackTeam "Israel"]
[WhiteTeamCountry "ENG"]
[BlackTeamCountry "ISR"]
[TimeControl "40/5400+30:1800+30"]

1. e4 {[%emt 0:00:00]} c5 {[%emt 0:00:00]} 2. Nf3 {[%emt 0:00:00]} d6 {[%emt 0:00:00]} 3. d4 {[%emt 0:00:00]} cxd4 {[%emt 0:00:00]} 4. Nxd4 {[%emt 0:00:00]} Nf6 {[%emt 0:00:00]} 5. f3 {[%emt 0:00:00]} e5 {[%emt 0:00:00]} 6. Nb3 {[%emt 0:00:00]} a5 {[%emt 0:00:02]} 7. Bb5+ {[%emt 0:00:13]} Bd7 {[%emt 0:02:38]} 8. Bxd7+ {[%emt 0:02:29]} Nbxd7 {[%emt 0:00:06]} 9. a4 {[%emt 0:07:06]} d5 {[%emt 0:00:31]} 10. exd5 {[%emt 0:01:27]} Nc5 {[%emt 0:00:06]} 11. Nc3 {[%emt 0:06:45]} Nxb3 {[%emt 0:00:13]} 12. cxb3 {[%emt 0:00:04]} Bb4 {[%emt 0:00:09]} 13. O-O {[%emt 0:02:19]} Bxc3 {[%emt 0:02:21]} 14. bxc3 {[%emt 0:00:06]} Nxd5 {[%emt 0:01:06]} 15. Qe2 {[%emt 0:26:45]} O-O {[%emt 0:08:35]} 16. c4 {[%emt 0:06:38]} Nf4 {[%emt 0:15:05]} 17. Bxf4 {[%emt 0:12:11]} exf4 {[%emt 0:01:19]} 18. Qe5 {[%emt 0:02:03]} Qb6+ {[%emt 0:02:55]} 19. Kh1 {[%emt 0:07:01]} Qxb3 {[%emt 0:01:38]} 20. Qxf4 {[%emt 0:00:09]} Rac8 {[%emt 0:01:17]} 21. Rfb1 {[%emt 0:01:55]} Qxc4 {[%emt 0:00:25]} 22. Qxc4 {[%emt 0:00:16]} Rxc4 {[%emt 0:00:07]} 23. Rxb7 {[%emt 0:00:06]} Rfc8 {[%emt 0:00:23]} 24. h3 {[%emt 0:00:38]} g6 {[%emt 0:01:20]} 25. Rb5 {[%emt 0:04:10]} R8c5 {[%emt 0:02:22]} 26. Rab1 {[%emt 0:01:39]} Rxb5 {[%emt 0:02:00]} 27. axb5 {[%emt 0:00:05]} Rc8 {[%emt 0:00:07]} 28. b6 {[%emt 0:00:24]} Rb8 {[%emt 0:00:14]} 29. b7 {[%emt 0:00:10]} a4 {[%emt 0:00:12]} 30. Ra1 {[%emt 0:00:05]} Rxb7 {[%emt 0:00:05]} 31. Rxa4 {[%emt 0:00:04]} 1/2-1/2

[Event "EYTCC U18 Open 2019"]
[Site "Pardubice"]
[Date "2019.07.16"]
[Round "6.10"]
[White "Zlatin, Alexander"]
[Black "Derakhshani, Borna"]
[Result "1/2-1/2"]
[WhiteElo "2270"]
[BlackElo "2300"]
[Annotator "NA"]
[PlyCount "120"]
[EventDate "2019.07.11"]
[EventType "swiss"]
[EventCountry "CZE"]
[SourceTitle "playchess.com"]
[Source "ChessBase"]
[SourceQuality "1"]
[WhiteTeam "Israel"]
[BlackTeam "England"]
[WhiteTeamCountry "ISR"]
[BlackTeamCountry "ENG"]
[TimeControl "40/5400+30:1800+30"]

1. e4 {[%emt 0:00:00]} c6 {[%emt 0:00:00]} 2. Nf3 {[%emt 0:00:00]} d5 {[%emt 0:00:00]} 3. Nc3 {[%emt 0:00:00]} dxe4 {[%emt 0:00:00]} 4. Nxe4 {[%emt 0:00:00]} Nf6 {[%emt 0:00:00]} 5. Qe2 {[%emt 0:00:22]} Na6 {[%emt 0:00:11]} 6. Nxf6+ {[%emt 0:03:08]} gxf6 {[%emt 0:00:05]} 7. d4 {[%emt 0:02:29]} Bf5 {[%emt 0:01:15]} 8. c3 {[%emt 0:01:36]} Nc7 {[%emt 0:03:35]} 9. Nh4 {[%emt 0:05:35]} Be6 {[%emt 0:00:36]} 10. g3 {[%emt 0:03:32]} Bd5 {[%emt 0:03:03]} 11. Nf3 {[%emt 0:01:03]} h5 {[%emt 0:04:00]} 12. h4 {[%emt 0:00:55]} Qd7 {[%emt 0:00:07]} 13. Bh3 {[%emt 0:06:11]} Be6 {[%emt 0:00:18]} 14. Bxe6 {[%emt 0:02:41]} Nxe6 {[%emt 0:00:07]} 15. O-O {[%emt 0:02:55]} Rg8 {[%emt 0:05:09]} 16. Rd1 {[%emt 0:05:25]} Ng7 {[%emt 0:01:43]} 17. Bf4 {[%emt 0:09:53]} O-O-O {[%emt 0:18:39]} 18. d5 {[%emt 0:04:42]} cxd5 {[%emt 0:06:58]} 19. c4 {[%emt 0:01:54]} e5 {[%emt 0:00:26]} 20. Rxd5 {[%emt 0:00:05]} Qg4 {[%emt 0:02:29]} 21. Rxd8+ {[%emt 0:01:52]} Kxd8 {[%emt 0:00:03]} 22. Qd2+ {[%emt 0:10:32]} Kc8 {[%emt 0:04:14]} 23. Nh2 {[%emt 0:01:05]} Qh3 {[%emt 0:06:03]} 24. Be3 {[%emt 0:09:28]} Nf5 {[%emt 0:03:19]} 25. Rd1 {[%emt 0:00:13]} Bd6 {[%emt 0:00:17]} 26. c5 {[%emt 0:01:13]} Nxh4 {[%emt 0:10:40]} 27. Qd5 {[%emt 0:00:01]} Bc7 {[%emt 0:00:11]} 28. c6 {[%emt 0:05:11]} b6 {[%emt 0:12:22]} 29. Qd7+ {[%emt 0:01:04]} Qxd7 {[%emt 0:00:03]} 30. Rxd7 {[%emt 0:00:30]} Nf5 {[%emt 0:00:01]} 31. Rxf7 {[%emt 0:00:24]} Nxe3 {[%emt 0:00:04]} 32. fxe3 {[%emt 0:00:03]} Rxg3+ {[%emt 0:00:04]} 33. Kf2 {[%emt 0:00:08]} Rg6 {[%emt 0:00:01]} 34. Nf3 {[%emt 0:01:03]} b5 {[%emt 0:08:21]} 35. Nh4 {[%emt 0:01:29]} Rg8 {[%emt 0:00:17]} 36. Nf5 {[%emt 0:01:02]} Rd8 {[%emt 0:00:02]} 37. Rxf6 {[%emt 0:02:32]} e4 {[%emt 0:01:50]} 38. Ne7+ {[%emt 0:02:01]} Kb8 {[%emt 0:00:01]} 39. Rf5 {[%emt 0:00:15]} a6 {[%emt 0:00:58]} 40. Rxh5 {[%emt 0:00:59]} Rd2+ {[%emt 0:01:16]} 41. Ke1 {[%emt 0:30:05]} Ba5 {[%emt 0:30:34]} 42. Kf1 {[%emt 0:01:15]} Kc7 {[%emt 0:01:00]} 43. Rd5 {[%emt 0:06:34]} Rxd5 {[%emt 0:04:59]} 44. Nxd5+ {[%emt 0:00:03]} Kxc6 {[%emt 0:00:06]} 45. Nf6 {[%emt 0:00:07]} Bd2 {[%emt 0:01:24]} 46. Ke2 {[%emt 0:03:44]} Bc1 {[%emt 0:00:04]} 47. b3 {[%emt 0:00:49]} Kc5 {[%emt 0:00:04]} 48. Nxe4+ {[%emt 0:00:57]} Kb4 {[%emt 0:00:13]} 49. Nf2 {[%emt 0:00:50]} Kc3 {[%emt 0:03:12]} 50. e4 {[%emt 0:04:53]} Bg5 {[%emt 0:00:46]} 51. Nd3 {[%emt 0:02:08]} a5 52. e5 {[%emt 0:00:00]} a4 {[%emt 0:00:00]} 53. bxa4 {[%emt 0:00:00]} bxa4 {[%emt 0:00:00]} 54. Nc5 {[%emt 0:00:00]} Be7 {[%emt 0:00:00]} 55. Nxa4+ {[%emt 0:00:00]} Kd4 {[%emt 0:00:00]} 56. e6 {[%emt 0:00:00]} Kd5 {[%emt 0:00:00]} 57. Kd3 {[%emt 0:00:00]} Kxe6 {[%emt 0:00:00]} 58. Kc4 {[%emt 0:00:00]} Kd6 {[%emt 0:00:00]} 59. Kb5 {[%emt 0:00:00]} Kc7 {[%emt 0:00:00]} 60. Nc5 {[%emt 0:00:00]} Bxc5 {[%emt 0:00:00]} 1/2-1/2

[Event "EYTCC U18 Open 2019"]
[Site "Pardubice"]
[Date "2019.07.16"]
[Round "6.11"]
[White "Grieve, Harry"]
[Black "Rozen, Eytan"]
[Result "1-0"]
[WhiteElo "2235"]
[BlackElo "2260"]
[Annotator "NA"]
[PlyCount "109"]
[EventDate "2019.07.11"]
[EventType "swiss"]
[EventCountry "CZE"]
[SourceTitle "playchess.com"]
[Source "ChessBase"]
[SourceQuality "1"]
[WhiteTeam "England"]
[BlackTeam "Israel"]
[WhiteTeamCountry "ENG"]
[BlackTeamCountry "ISR"]
[TimeControl "40/5400+30:1800+30"]

1. e4 {[%emt 0:00:00]} c6 {[%emt 0:00:00]} 2. d4 {[%emt 0:00:00]} d5 {[%emt 0:00:06]} 3. e5 {[%emt 0:00:14]} Bf5 {[%emt 0:00:21]} 4. h4 {[%emt 0:00:18]} h6 {[%emt 0:01:28]} 5. g4 {[%emt 0:00:10]} Be4 {[%emt 0:00:28]} 6. f3 {[%emt 0:00:12]} Bg6 {[%emt 0:00:07]} 7. h5 {[%emt 0:00:07]} Bh7 {[%emt 0:00:20]} 8. e6 {[%emt 0:00:05]} fxe6 {[%emt 0:02:31]} 9. Bd3 {[%emt 0:00:18]} Bxd3 {[%emt 0:01:06]} 10. Qxd3 {[%emt 0:00:06]} Qd6 {[%emt 0:05:31]} 11. f4 {[%emt 0:00:12]} Nd7 {[%emt 0:00:43]} 12. Nf3 {[%emt 0:00:06]} O-O-O {[%emt 0:03:54]} 13. Ne5 {[%emt 0:00:31]} Nxe5 {[%emt 0:00:24]} 14. fxe5 {[%emt 0:00:03]} Qd7 {[%emt 0:00:18]} 15. Nc3 {[%emt 0:05:31]} Nf6 {[%emt 0:00:22]} 16. exf6 {[%emt 0:00:04]} exf6 {[%emt 0:00:02]} 17. Ne2 {[%emt 0:08:52]} c5 {[%emt 0:02:44]} 18. c3 {[%emt 0:07:28]} e5 {[%emt 0:02:37]} 19. Qf5 {[%emt 0:00:32]} Bd6 {[%emt 0:00:22]} 20. Be3 {[%emt 0:07:46]} exd4 {[%emt 0:06:46]} 21. cxd4 {[%emt 0:00:12]} c4 {[%emt 0:03:35]} 22. Nc3 {[%emt 0:03:24]} Bb4 {[%emt 0:05:41]} 23. O-O {[%emt 0:03:54]} Bxc3 {[%emt 0:01:25]} 24. bxc3 {[%emt 0:00:56]} Rhe8 {[%emt 0:00:11]} 25. Rae1 {[%emt 0:01:12]} Re4 {[%emt 0:01:10]} 26. Bf4 {[%emt 0:01:13]} Rde8 {[%emt 0:00:09]} 27. Rxe4 {[%emt 0:00:52]} Rxe4 {[%emt 0:00:01]} 28. Kg2 {[%emt 0:02:13]} Qe6 {[%emt 0:12:42]} 29. Kf3 {[%emt 0:04:05]} Kd7 {[%emt 0:05:37]} 30. Bd2 {[%emt 0:09:54]} Re2 {[%emt 0:18:23]} 31. Rf2 {[%emt 0:03:27]} Re4 {[%emt 0:00:34]} 32. Qxe6+ {[%emt 0:01:09]} Rxe6 {[%emt 0:00:11]} 33. Kf4 {[%emt 0:00:41]} Ke8 {[%emt 0:06:49]} 34. Kf5 {[%emt 0:02:12]} Kf7 {[%emt 0:00:24]} 35. Bf4 {[%emt 0:00:44]} Rb6 {[%emt 0:02:12]} 36. Re2 {[%emt 0:03:56]} a6 {[%emt 0:06:22]} 37. a3 {[%emt 0:02:44]} Rc6 {[%emt 0:03:27]} 38. a4 {[%emt 0:01:54]} b6 {[%emt 0:04:18]} 39. Re1 {[%emt 0:02:54]} b5 {[%emt 0:00:27]} 40. axb5 {[%emt 0:00:06]} axb5 {[%emt 0:00:02]} 41. Ra1 {[%emt 0:30:28]} Re6 {[%emt 0:31:51]} 42. Ra7+ {[%emt 0:00:59]} Re7 {[%emt 0:00:00]} 43. Rxe7+ {[%emt 0:00:09]} Kxe7 {[%emt 0:00:02]} 44. Kg6 {[%emt 0:00:07]} Kf8 {[%emt 0:00:02]} 45. Bd6+ {[%emt 0:00:07]} Kg8 {[%emt 0:00:03]} 46. Bb4 {[%emt 0:00:04]} Kh8 {[%emt 0:00:26]} 47. Kf7 {[%emt 0:00:15]} Kh7 {[%emt 0:00:08]} 48. Bf8 {[%emt 0:00:06]} Kh8 {[%emt 0:00:34]} 49. Bxg7+ {[%emt 0:00:07]} Kh7 {[%emt 0:00:02]} 50. Bxf6 {[%emt 0:00:18]} b4 {[%emt 0:00:06]} 51. cxb4 {[%emt 0:00:03]} c3 {[%emt 0:00:04]} 52. Be5 {[%emt 0:00:04]} c2 {[%emt 0:00:05]} 53. Bf4 {[%emt 0:00:03]} Kh8 {[%emt 0:01:05]} 54. Bc1 {[%emt 0:00:13]} Kh7 {[%emt 0:00:08]} 55. b5 {[%emt 0:00:02]} 1-0

[Event "EYTCC U18 Open 2019"]
[Site "Pardubice"]
[Date "2019.07.16"]
[Round "6.12"]
[White "Gleizer, Adar"]
[Black "Stoyanov, Viktor"]
[Result "0-1"]
[WhiteElo "1748"]
[BlackElo "2198"]
[Annotator "NA"]
[PlyCount "64"]
[EventDate "2019.07.11"]
[EventType "swiss"]
[EventCountry "CZE"]
[SourceTitle "playchess.com"]
[Source "ChessBase"]
[SourceQuality "1"]
[WhiteTeam "Israel"]
[BlackTeam "England"]
[WhiteTeamCountry "ISR"]
[BlackTeamCountry "ENG"]
[TimeControl "40/5400+30:1800+30"]

1. e4 {[%emt 0:00:00]} c5 {[%emt 0:00:00]} 2. Nf3 {[%emt 0:00:00]} d6 {[%emt 0:00:00]} 3. Bb5+ {[%emt 0:00:44]} Nd7 {[%emt 0:00:00]} 4. Ba4 {[%emt 0:00:23]} Ngf6 {[%emt 0:00:19]} 5. O-O {[%emt 0:00:39]} a6 {[%emt 0:00:56]} 6. c4 {[%emt 0:00:28]} Nxe4 {[%emt 0:00:26]} 7. Re1 {[%emt 0:01:21]} Nef6 {[%emt 0:00:08]} 8. d4 {[%emt 0:00:11]} cxd4 {[%emt 0:01:32]} 9. Nxd4 {[%emt 0:00:27]} e6 {[%emt 0:00:23]} 10. Bf4 {[%emt 0:19:30]} Qa5 {[%emt 0:03:41]} 11. Nc3 {[%emt 0:10:23]} Be7 {[%emt 0:00:30]} 12. Nd5 {[%emt 0:35:21]} Nxd5 {[%emt 0:01:12]} 13. cxd5 {[%emt 0:00:08]} O-O {[%emt 0:02:54]} 14. dxe6 {[%emt 0:01:08]} Nc5 {[%emt 0:00:42]} 15. exf7+ {[%emt 0:00:37]} Rxf7 {[%emt 0:00:06]} 16. Bb3 {[%emt 0:00:08]} Nxb3 {[%emt 0:00:32]} 17. Qxb3 {[%emt 0:00:15]} d5 {[%emt 0:00:54]} 18. Rac1 {[%emt 0:01:52]} Bf8 {[%emt 0:16:05]} 19. Bg3 {[%emt 0:06:57]} Bg4 {[%emt 0:04:25]} 20. h3 {[%emt 0:00:44]} Bh5 {[%emt 0:00:23]} 21. Re3 {[%emt 0:06:40]} Rd8 {[%emt 0:05:09]} 22. Rec3 {[%emt 0:02:09]} Re8 {[%emt 0:00:53]} 23. Rc7 {[%emt 0:01:39]} Re1+ {[%emt 0:00:35]} 24. Kh2 {[%emt 0:00:09]} Rxc1 {[%emt 0:00:20]} 25. Rxc1 {[%emt 0:00:10]} Qd2 {[%emt 0:01:22]} 26. Qc3 {[%emt 0:00:42]} Qh6 {[%emt 0:00:17]} 27. Re1 {[%emt 0:01:10]} Rd7 {[%emt 0:04:13]} 28. Qc8 {[%emt 0:02:04]} Rf7 {[%emt 0:00:20]} 29. Qd8 {[%emt 0:00:42]} Qd2 {[%emt 0:03:03]} 30. Re8 {[%emt 0:00:22]} Qxd4 {[%emt 0:00:10]} 31. Bd6 {[%emt 0:00:21]} Qf6 {[%emt 0:00:10]} 32. Bxf8 {[%emt 0:01:04]} Qxd8 {[%emt 0:00:06]} 0-1

[Event "EYTCC U18 Open 2019"]
[Site "Pardubice"]
[Date "2019.07.16"]
[Round "6.13"]
[White "Miesbauer, Jan"]
[Black "Ozsakallioglu, Okan"]
[Result "1/2-1/2"]
[WhiteElo "2409"]
[BlackElo "2243"]
[Annotator "NA"]
[PlyCount "60"]
[EventDate "2019.07.11"]
[EventType "swiss"]
[EventCountry "CZE"]
[SourceTitle "playchess.com"]
[Source "ChessBase"]
[SourceQuality "1"]
[WhiteTeam "Czech Republic"]
[BlackTeam "Turkey"]
[WhiteTeamCountry "CZE"]
[BlackTeamCountry "TUR"]
[TimeControl "40/5400+30:1800+30"]

1. d4 {[%emt 0:00:00]} Nf6 {[%emt 0:00:00]} 2. c4 {[%emt 0:00:00]} g6 {[%emt 0:00:00]} 3. Nc3 {[%emt 0:00:01]} Bg7 {[%emt 0:00:00]} 4. Nf3 {[%emt 0:00:43]} O-O {[%emt 0:00:00]} 5. g3 {[%emt 0:02:13]} d6 {[%emt 0:00:13]} 6. Bg2 {[%emt 0:00:05]} c6 {[%emt 0:00:04]} 7. O-O {[%emt 0:00:20]} Qa5 {[%emt 0:00:03]} 8. h3 {[%emt 0:01:20]} Nbd7 {[%emt 0:01:21]} 9. e4 {[%emt 0:01:07]} e5 {[%emt 0:00:19]} 10. Be3 {[%emt 0:00:15]} Nb6 {[%emt 0:07:18]} 11. Qd3 {[%emt 0:03:12]} exd4 {[%emt 0:01:56]} 12. Nxd4 {[%emt 0:02:19]} Qa6 {[%emt 0:00:05]} 13. b3 {[%emt 0:01:20]} d5 {[%emt 0:02:16]} 14. exd5 {[%emt 0:03:35]} Nbxd5 {[%emt 0:10:23]} 15. Rad1 {[%emt 0:27:14]} Nxe3 {[%emt 0:03:52]} 16. Qxe3 {[%emt 0:02:25]} Re8 {[%emt 0:00:13]} 17. Qf4 {[%emt 0:01:48]} Qa5 {[%emt 0:00:55]} 18. Na4 {[%emt 0:00:40]} Bd7 {[%emt 0:04:28]} 19. Qd2 {[%emt 0:01:07]} Qh5 {[%emt 0:11:11]} 20. g4 {[%emt 0:05:08]} Nxg4 {[%emt 0:02:21]} 21. hxg4 {[%emt 0:00:44]} Bxg4 {[%emt 0:00:29]} 22. f3 {[%emt 0:00:54]} Be5 {[%emt 0:06:56]} 23. Rfe1 {[%emt 0:00:56]} Bxd4+ {[%emt 0:11:10]} 24. Qxd4 {[%emt 0:00:09]} Bxf3 {[%emt 0:00:04]} 25. Bxf3 {[%emt 0:01:06]} Qxf3 {[%emt 0:01:24]} 26. Qf2 {[%emt 0:00:10]} Qg4+ {[%emt 0:00:12]} 27. Qg2 {[%emt 0:00:30]} Qh4 {[%emt 0:00:05]} 28. Qf2 {[%emt 0:00:34]} Qg4+ {[%emt 0:01:06]} 29. Qg2 {[%emt 0:00:16]} Qh4 {[%emt 0:00:45]} 30. Qf2 {[%emt 0:00:05]} Qg4+ {[%emt 0:00:41]} 1/2-1/2